header

Insult to injury (Record no. 55024)

MARC details
000 -LEADER
fixed length control field 02568nam a2200349Ia 4500
082 04 - DEWEY DECIMAL CLASSIFICATION NUMBER
Classification number 346.7303/4
100 1# - MAIN ENTRY--AUTHOR NAME
Personal name Jones, William K.
245 10 - TITLE STATEMENT
Title Insult to injury
260 ## - PUBLICATION, DISTRIBUTION, ETC. (IMPRINT)
Place of publication Boulder, Colo. :
Name of publisher Univ. Press of Colorado,
Year of publication c2003.
300 ## - PHYSICAL DESCRIPTION
Number of Pages viii, 388 p.
505 0# - FORMATTED CONTENTS NOTE
Formatted contents note The man who had to leave town -- "Heed their rising voices" -- An uncommon common law -- The First Amendment -- Anything that touches on fitness for office -- The tale of the furtive night watchman -- Into the vortex of public controversy -- The big football fix -- The frame-up of officer nuccio -- The golden fleece of the month award -- The reluctant Soviet agent -- Special cases : unlimited, irrelevant and involuntary public figures -- Strictly business -- Purely private libels -- Group libels -- Looking for love? sorry, wrong number -- Blackmail, treason, hypocrisy and lies -- La Cosa Nostra at your service -- The greatest analyst who ever lived -- Five scientists who were paid to lie -- The airman who almost fell to earth -- Actual malice at issue -- The losing game -- Bring in da plea bring in da writ -- Possible pitfalls -- Paths not taken -- The right to privacy -- Genius, hero, maverick, threat -- The man who would be woman -- Paparazzi -- Intrusions on private domains -- Broken promises -- Deception and subterfuge -- After the Pentagon papers -- The adventures of artemus jones -- Justice a la Corrigan -- The impact of the Internet -- Concluding observations.
650 #0 - SUBJECT ADDED ENTRY--TOPICAL TERM
Topical Term Libel and slander
Topical Term Privacy, Right of
Topical Term Libel and slander
Topical Term Privacy, Right of
856 40 - ELECTRONIC LOCATION AND ACCESS
Uniform Resource Identifier http://site.ebrary.com/lib/rucke/Doc?id=10081750

No items available.

© 2026 Rongo University
Contact us: librarian | system librarian | Rongo university